00963nam a2200253 a 450000100060000000300080000600500170001400800410003103500190007204000370009104100080012808200270013610000280016324500560019126000390024730000250028649000730031150400290038465100450041383000810045894200120053999900170055195201410056842072BD-RjUL20211209053505.0160609s1969 nyu b 000 0 eng d a(BD-RjUL)42190 aDLCcDLCdUKMdEQOdBD-RjULbeng aeng a327.5193223bKOF 19691 aKoh, Byung Chul912936514aThe foreign policy of North Korea /cByung Chul koh aNew York :bF. A. Praeger,c[1969] axxi, 237 p. ;c24 cm1 aPraeger special studies in international politics and public affairs aBibliography: p. 225-237 0aKorea (North)xForeign relations9129366 0aPraeger special studies in international politics and public affairs9129368 2ddccBK c42072d42072 00102ddc40708NFICaRUCLbRUCLcStackd1990-06-27eZeithingerg104.00l0o327.5193 KOF 1969r2016-06-09 00:00:00tC-2w2016-06-09yBK